Представление документа в формате MARC21

Поле Инд. ПП Название Значение
Тип записи a
Библиографический уровень m
001 Контрольный номер DU/629815622
005 Дата корректировки 20250331170752.3
008 Кодируемые данные 19971219
040 00 e Правила каталог. Г.Я. 971219
041 0_ a Код языка текста rus
084 a Индекс другой классификации/Индекс ББК 84(2=411.2)6; 84(2=411.2)6-44; 84(2=411.2)6-46; 84(2=411.2)6-7
090 00 a Полочн. индекс 84(2=411.2)6
x Авторский знак Ш 786
097 00 a 230
100 10 a Автор Шолохов М. А.
d Даты 1905-1984
q Полное имя Шолохов Михаил Александрович
245 00 a Заглавие Собрание сочинений
b Продолж. заглавия в 8 т.
n Номер части/ раздела Т.8
p Название части/ раздела Рассказы, очерки, фельетоны, статьи, выступления
c Ответственность редакторы В. Белова, С. Коляджин; художник В. Максин
260 00 a Место издания Москва
b Издательство Художественная литература
c Дата издания 1960
300 00 a Объем 404 с.
336 a Термин вида содержания Текст
337 a Термин типа средства непосредственный
504 a Библиография Примеч.: с. 367. - Алф. указ.: с. 397
505 0_ a Форматированное содержание Испытание
505 0_ a Форматированное содержание "Ревизор"
505 0_ a Форматированное содержание По правобережью Дона
505 0_ a Форматированное содержание Преступная бесхозяйственность
505 0_ a Форматированное содержание За честную работу писателя и критика
505 0_ a Форматированное содержание Английским читателям
505 0_ a Форматированное содержание Литература - часть общепролетарского дела
505 0_ a Форматированное содержание Жить в колхозе культурно
505 0_ a Форматированное содержание Героическая Подкущевка
505 0_ a Форматированное содержание Из речи о М. Горьком
505 0_ a Форматированное содержание На его примере будут учитбся побеждать миллионы
505 0_ a Форматированное содержание О советском писателе
505 0_ a Форматированное содержание Выразитель народных дум
505 0_ a Форматированное содержание Из речи перед избирателями Новочерскасского избирательного округа
505 0_ a Форматированное содержание Из речи перед избирателями
505 0_ a Форматированное содержание Писатель-большевик
505 0_ a Форматированное содержание Всем сердцем с вами
505 0_ a Форматированное содержание Речь по поводу двухлетия Вешенского казачьего театра
505 0_ a Форматированное содержание На Дону
505 0_ a Форматированное содержание В казачьих колхозах
505 0_ a Форматированное содержание На смоленском направлении
505 0_ a Форматированное содержание Гнусность
505 0_ a Форматированное содержание Военнопленные
505 0_ a Форматированное содержание На юге
505 0_ a Форматированное содержание Письмо американским друзьям
505 0_ a Форматированное содержание Могучий художник
505 0_ a Форматированное содержание Из речи на похоронах А. Н. Толстого
505 0_ a Форматированное содержание Великий друг литературы
505 0_ a Форматированное содержание Слово о Родине
505 0_ a Форматированное содержание Борьба продолжается
505 0_ a Форматированное содержание Свет и мрак
505 0_ a Форматированное содержание Не уйти палачам от суда народов!
505 0_ a Форматированное содержание С Новым годом, родные люди!
505 0_ a Форматированное содержание Любимая мать-отчизна
505 0_ a Форматированное содержание В добрый час!
505 0_ a Форматированное содержание К венгерским писателям
505 0_ a Форматированное содержание Не забывать о дружбе
505 0_ a Форматированное содержание Сокровишница народной мудрости
505 0_ a Форматированное содержание Письмо военным м орякам
505 0_ a Форматированное содержание Труден и славен ваш подвиг
505 0_ a Форматированное содержание Солдаты моей Родины
505 0_ a Форматированное содержание Гордость моей страны
505 0_ a Форматированное содержание Здоровье - всему голова
505 0_ a Форматированное содержание О маленьком мальчике Гарри и большом мистере Солсбери
650 04 a Основная рубрика художественная литература
653 00 a Ключевые слова XX век
a Ключевые слова Россия
a Ключевые слова русская литература
655 00 a Жанр/ форма (устаревшее) проза
a Жанр/ форма (устаревшее) рассказ
a Жанр/ форма (устаревшее) очерк
a Жанр/ форма (устаревшее) фельетон
a Жанр/ форма (устаревшее) статья
a Жанр/ форма (устаревшее) выступление
700 12 a Автор Белова В.
e Роль лиц редактор
700 1_ a Автор Коляджин С.
e Роль лиц редактор
700 1_ a Автор Максин В.
e Роль лиц художник
787 18 w Контрольный номер связываемой записи RU/IS/BASE/263562275
901 t Тип документа m
952 a Тип литературы для КСУ ВШ ЛХИ